Parasitic Zoonoses in The New Millennium / (Record no. 17299)

MARC details
000 -LEADER
fixed length control field 00673cam a2200229 a 4500
003 - CONTROL NUMBER IDENTIFIER
control field BD-DhSAU
005 - DATE AND TIME OF LATEST TRANSACTION
control field 20231112125237.0
008 - FIXED-LENGTH DATA ELEMENTS--GENERAL INFORMATION
fixed length control field 861024s 2016 ii a b 001 0 eng
020 ## - INTERNATIONAL STANDARD BOOK NUMBER
International Standard Book Number 8170195191
040 ## - CATALOGING SOURCE
Original cataloging agency BD-DhSAU
082 ## - DEWEY DECIMAL CLASSIFICATION NUMBER
Edition number 22
Classification number 616.959
Item number Sv29
100 ## - MAIN ENTRY--PERSONAL NAME
Personal name Chhabra, M B
245 10 - TITLE STATEMENT
Title Parasitic Zoonoses in The New Millennium /
Statement of responsibility, etc. M B Chhabra and K M L Pathak
260 ## - PUBLICATION, DISTRIBUTION, ETC. (IMPRINT)
Place of publication, distribution, etc. New Delhi :
Name of publisher, distributor, etc. Today & Tomorrow's Printers and Publishers
Date of publication, distribution, etc. c2016
300 ## - PHYSICAL DESCRIPTION
Extent 269 p. :
Other physical details ill. ;
Dimensions 22cm.
504 ## - BIBLIOGRAPHY, ETC. NOTE
Bibliography, etc Includes bibliographical references
590 ## - Name of Cataloguer
Name of Cataloger kobir
650 #0 - SUBJECT ADDED ENTRY--TOPICAL TERM
Topical term or geographic name as entry element Oceanography
650 #0 - SUBJECT ADDED ENTRY--TOPICAL TERM
Topical term or geographic name as entry element Parasitic Zoonoses
700 ## - ADDED ENTRY--PERSONAL NAME
Personal name Pathak, K M L
942 ## - ADDED ENTRY ELEMENTS (KOHA)
Source of classification or shelving scheme Dewey Decimal Classification
Koha item type Book
Holdings
Withdrawn status Lost status Source of classification or shelving scheme Damaged status Not for loan Collection code Home library Branch Name Shelving location Date acquired Cost, normal purchase price Total Checkouts Full call number Barcode Date last seen Price effective from Koha item type Public note
    Dewey Decimal Classification   Not For Loan Reference SAU Library SAU Library Reference 21/06/2023 2634.00   616.959 Sv29 44910 12/11/2023 12/11/2023 Book Purchase